000 00896nam a2200253 i 4500
001 187420
003 SpMaBN
005 20251002193346.0
008 170703s1993 sp aeo |||| | spa d
020 _a84-7719-335-5
080 _a72 Badajoz, Juan de (1495-1552)
080 _a72.034(460.181 L.)
100 1 _aCampos Sánchez-Bordona, María Dolores.
_934285
245 1 0 _aJuan de Badajoz y la arquitectura del renacimiento en León /
_cMaría Dolores Campos Sánchez-Bordona.
260 _aLeón :
_bUniversidad, Secretariado de Publicaciones,
_c[1993]
300 _a479 p. :
_bil., planos ;
_c24 cm.
500 _aÍndices.
504 _aBibliografía: p. 453-470.
600 1 7 _aBadajoz, Juan de,
_d1495-1552
_2
_9163333
650 7 _aArquitectura renacentista-
_zLeón.
_9163334
710 2 _aUniversidad de León.
_97200
852 _aES-MaACL
_jL-31761
999 _c187420
_d187420